000 00762nam a2200217 4500
005 20230317150849.0
008 230317s2022 nyu |||gr|||| 00| 0 eng d
020 _a9781501766909
040 _aCO-BoUCM
_bspa
_cDeissy Garcia
_dDeissy Garcia
041 0 _aeng
100 1 _9177141
_aNeidorf, Leonard
245 1 4 _aThe art and thought of the Beowulf poet
_cLeonard Neidorf
260 _aIthaca, (Nueva York)
_bCornell University Press
_c2022
300 _axiii, 197 páginas
504 _aIncluye referencias bibliográficas e índices
630 _aBeowulf
_9177142
650 7 _aPoesía épica, Inglés (Antiguo)
_9177143
650 7 _921832
_aPoesía medieval
942 _2DEWEY
_cLIBRO
_a18
_e1
_h829.3
_mN397a
_n0
999 _c322471
_d322471